<?xml version="1.0" encoding="UTF-8"?><?xml-stylesheet type="text/xsl" href="static/style.xsl"?><OAI-PMH xmlns="http://www.openarchives.org/OAI/2.0/" xmlns:xsi="http://www.w3.org/2001/XMLSchema-instance" xsi:schemaLocation="http://www.openarchives.org/OAI/2.0/ http://www.openarchives.org/OAI/2.0/OAI-PMH.xsd"><responseDate>2026-06-02T09:05:31Z</responseDate><request verb="GetRecord" identifier="oai:riuma.uma.es:10630/38119" metadataPrefix="marc">https://riuma.uma.es/rest/oai/request</request><GetRecord><record><header><identifier>oai:riuma.uma.es:10630/38119</identifier><datestamp>2026-02-03T11:04:27Z</datestamp><setSpec>com_10630_2254</setSpec><setSpec>col_10630_37953</setSpec></header><metadata><record xmlns="http://www.loc.gov/MARC21/slim" xmlns:dcterms="http://purl.org/dc/terms/" xmlns:doc="http://www.lyncode.com/xoai" xmlns:xsi="http://www.w3.org/2001/XMLSchema-instance" xsi:schemaLocation="http://www.loc.gov/MARC21/slim http://www.loc.gov/standards/marcxml/schema/MARC21slim.xsd">
   <leader>00925njm 22002777a 4500</leader>
   <datafield ind2=" " ind1=" " tag="042">
      <subfield code="a">dc</subfield>
   </datafield>
   <datafield ind2=" " ind1=" " tag="720">
      <subfield code="a">Márquez-Lobillo, Patricia</subfield>
      <subfield code="e">author</subfield>
   </datafield>
   <datafield ind2=" " ind1=" " tag="260">
      <subfield code="c">2019</subfield>
   </datafield>
   <datafield ind2=" " ind1=" " tag="520">
      <subfield code="a">Al hilo del planteamiento de incidentes concursales impugnando la calificación de unos créditos como subordinados, por entender la administración concursal que existía un supuesto de persona especialmente relacionada con el deudor y tratarse de sociedades pertenecientes al mismo grupo, el Tribunal Supremo crea jurisprudencia sobre el concepto de grupo societario a efectos concursales, como elemento previo, conditio sine qua non, para que resulte de aplicación la automática subordinación crediticia que impone el artículo 93.2.3º LC.</subfield>
   </datafield>
   <datafield ind1="8" ind2=" " tag="024">
      <subfield code="a">MÁRQUEZ LOBILLO, P. "A vueltas sobre el concepto concursal de grupo y sobre la automática subordinación de créditos ex artículo 93.2.3º LC", Cuadernos Civitas de jurisprudencia civil, núm. 111, 2019.</subfield>
   </datafield>
   <datafield ind1="8" ind2=" " tag="024">
      <subfield code="a">0212-6206</subfield>
   </datafield>
   <datafield ind1="8" ind2=" " tag="024">
      <subfield code="a">https://hdl.handle.net/10630/38119</subfield>
   </datafield>
   <datafield tag="653" ind2=" " ind1=" ">
      <subfield code="a">Grupos de empresas - Derecho y legislación</subfield>
   </datafield>
   <datafield tag="653" ind2=" " ind1=" ">
      <subfield code="a">Derecho de sociedades</subfield>
   </datafield>
   <datafield ind2="0" ind1="0" tag="245">
      <subfield code="a">A vueltas sobre el concepto concursal de grupo y sobre la automática subordinación de créditos ex artículo 93.2.3º LC.</subfield>
   </datafield>
</record>
</metadata></record></GetRecord></OAI-PMH>